000
00338pab a2200145 454500
008
180718b1988 xxu||||| |||| 00| 0 eng d
100
_a
Dutta, Amar Nath
245
_a
Manager or computer
_b
Who Will rule?
260
_c
1988
300
_a
35-8
362
_a
Feb.
650
_a
Management
773
_a
Indian Management
909
_a
12989
999
_c
12989
_d
12989